000 00606nam a2200181 4500
001 144878
003 ES-MaACL
005 20230906201122.0
007 t|
008 070214s1979 sp r ||||1| spa d
100 1 _aSmirnov, N.
_9106841
245 1 0 _aCálculo de probabilidades y Estadística matemática /
_cN. Smirnov, I. Dunin-Barkowskij ; traducido por Raul Rusler.
260 _aMadrid :
_bParaninfo,
_c1979 (
_eFuenlabrada :
_fTorroba)
300 _a578 p. :
_bil. ;
_c21 cm.
700 1 _aDunin-Barkowskij, I.
_946043
700 1 _aRusler, Raul.
_9101028
852 _aES-MaACL
_jA-10154
_bR.98701
999 _c144878
_d144878